Language and national identity in Greece, 1766-1976 / (رقم التسجيلة. 19741)

تفاصيل مارك
000 -الفاتح
حقل البيانات ثابتة الطول 01451cam a2200325 a 4500
001 - رقم الضبط
رقم الضبط 15458073
003 - محدد رقم الضبط
رقم الضبط OSt
005 - وقت وتاريخ اخر تعامل مع التسجيلة
رقم الضبط 20150408113958.0
008 - عناصر البيانات ثابتة الطول - معلومات عامة
حقل البيانات ثابتة الطول 111214s2009 enkab b 001 0 eng
010 ## - رقم ضبط مكتبة الكونجرس
رقم ضبط مكتبة الكونجرس
020 ## - الرقم الدولى المعيارى للكتب
الرقم الدولى المعيارى للكتاب 9780199214426
020 ## - الرقم الدولى المعيارى للكتب
الرقم الدولى المعيارى للكتاب 0199214425
040 ## - مصدر الفهرسة
وكالة الفهرسة الأصلية DLC
وكالة النسخ MU
043 ## - رمز المنطقة الجغرافية
رمز المنطقة الجغرافية e-gr---
082 00 - رقم تصنيف ديوى العشرى
رقم التصنيف 306.44909509 M P L
رقم الطبعة 22
100 1# - المدخل الرئيسى - إسم شخصى
الإسم الشخصى Mackridge, Peter.
9 (RLIN) 7332
245 10 - بيان العنوان
العنوان Language and national identity in Greece, 1766-1976 /
بيان المسئوليه,etc Peter Mackridge.
260 ## - PUBLICATION, DISTRIBUTION, ETC. (IMPRINT)
مكان الناشر او الموزع Oxford ;
-- New York :
اسم الناشر او الموزع Oxford University Press,
تاريخ النشر أو التوزيع 2009.
300 ## - الوصف المادى
التعداد xiv, 385 p. :
تفاصيل ماديه اخرى للوعاء ill., maps ;
أبعاد الوعاء 25 cm.
504 ## - تبصرة ببليوجرافية
تبصرة ببليوجرافية,الخ Includes bibliographical references (p. [339]-369) and index.
650 #0 - المدخل الاضافى بالموضوع-مصطلح موضوعى
مصطلح موضوعي أو اسم جغرافي كعنصر مدخل Greek language, Modern
التقسيم الفرعي العام Political aspects
-- History.
9 (RLIN) 7333
650 #0 - المدخل الاضافى بالموضوع-مصطلح موضوعى
مصطلح موضوعي أو اسم جغرافي كعنصر مدخل Nationalism
التقسيم الفرعي الجغرافي Greece
التقسيم الفرعي العام History.
9 (RLIN) 7335
650 #0 - المدخل الاضافى بالموضوع-مصطلح موضوعى
مصطلح موضوعي أو اسم جغرافي كعنصر مدخل Language policy
التقسيم الفرعي الجغرافي Greece.
9 (RLIN) 7334
856 42 - الوصول و الموقع الالكترونى
مواد محددة Contributor biographical information
معرف المصدر الموحد <a href="http://www.loc.gov/catdir/enhancements/fy0913/2008041406-b.html">http://www.loc.gov/catdir/enhancements/fy0913/2008041406-b.html</a>
856 42 - الوصول و الموقع الالكترونى
مواد محددة Publisher description
معرف المصدر الموحد <a href="http://www.loc.gov/catdir/enhancements/fy0913/2008041406-d.html">http://www.loc.gov/catdir/enhancements/fy0913/2008041406-d.html</a>
856 41 - الوصول و الموقع الالكترونى
مواد محددة Table of contents only
معرف المصدر الموحد <a href="http://www.loc.gov/catdir/enhancements/fy0913/2008041406-t.html">http://www.loc.gov/catdir/enhancements/fy0913/2008041406-t.html</a>
906 ## - عنصر بيانات محلى F, LDF (RLIN)
a 7
b cbc
c orignew
d 1
e ecip
f 20
g y-gencatlg
942 ## - عناصر المدخل الإضافي( كوها)
مصدر التصنيف او مخطط الترفيف Dewey Decimal Classification
Koha [default] item type DVD
المقتنيات
حالة الفقد نموذج السعر الفعال حالة تلف ليس للاعارة رقم الطلب رقم النسخة تاريخ الاكتساب الموقع الحالي الباركود الفرع الرئيسي Date last seen نوع المادة فى نظام كوها مصدر التصنيف او خطة الترفيف Total Checkouts
  2013-03-10     306.44909509 M P L n 1 2011-12-14 قسم الاجراءات الفنية (IC) 00100576 قسم الاجراءات الفنية (IC) 2013-03-10 كتاب Dewey Decimal Classification  
  2013-03-10     306.44909509 M P L n 2 2011-12-14 قسم الاجراءات الفنية (IC) 00100577 قسم الاجراءات الفنية (IC) 2013-03-10 كتاب Dewey Decimal Classification